Microeconomics / (Record no. 234214)
[ view plain ]
| 000 -LEADER | |
|---|---|
| fixed length control field | 00685nam a22002177a 4500 |
| 005 - DATE AND TIME OF LATEST TRANSACTION | |
| control field | 20250423102933.0 |
| 008 - FIXED-LENGTH DATA ELEMENTS--GENERAL INFORMATION | |
| fixed length control field | 250423b |||||||| |||| 00| 0 eng d |
| 020 ## - INTERNATIONAL STANDARD BOOK NUMBER | |
| International Standard Book Number | 9789354249136 |
| 040 ## - CATALOGING SOURCE | |
| Transcribing agency | AIMIT LIBRARY |
| 082 ## - DEWEY DECIMAL CLASSIFICATION NUMBER | |
| Edition number | 6 |
| Classification number | 338.5 |
| Item number | BESD |
| 100 ## - MAIN ENTRY--PERSONAL NAME | |
| Personal name | Besanko, David. |
| 9 (RLIN) | 208678 |
| 245 ## - TITLE STATEMENT | |
| Title | Microeconomics / |
| Statement of responsibility, etc. | By David Besanko and Ronald Braeutigam. |
| 250 ## - EDITION STATEMENT | |
| Edition statement | 6th ed. |
| 260 ## - PUBLICATION, DISTRIBUTION, ETC. | |
| Place of publication, distribution, etc. | New Delhi : |
| Name of publisher, distributor, etc. | Wiley , |
| Date of publication, distribution, etc. | 2021. |
| 300 ## - PHYSICAL DESCRIPTION | |
| Extent | xxix,756,A18,S24,I7P. ; |
| Other physical details | PB |
| Dimensions | 28.3 cm |
| 650 ## - SUBJECT ADDED ENTRY--TOPICAL TERM | |
| Topical term or geographic name entry element | Consumer theory |
| 9 (RLIN) | 208679 |
| 650 ## - SUBJECT ADDED ENTRY--TOPICAL TERM | |
| Topical term or geographic name entry element | Production and cost theory |
| 9 (RLIN) | 208680 |
| 650 ## - SUBJECT ADDED ENTRY--TOPICAL TERM | |
| Topical term or geographic name entry element | Perfect competition |
| 9 (RLIN) | 208681 |
| 700 ## - ADDED ENTRY--PERSONAL NAME | |
| Personal name | Braeutigam, Ronald. |
| 9 (RLIN) | 208682 |
| 942 ## - ADDED ENTRY ELEMENTS (KOHA) | |
| Source of classification or shelving scheme | Dewey Decimal Classification |
| Koha item type | Book |
| Edition | 6th |
| Call number prefix | 338.5 BESD |
| Withdrawn status | Lost status | Source of classification or shelving scheme | Damaged status | Not for loan | Collection code | Home library | Current library | Shelving location | Date acquired | Source of acquisition | Cost, normal purchase price | Inventory number | Total Checkouts | Full call number | Barcode | Date last seen | Cost, replacement price | Price effective from | Koha item type |
|---|---|---|---|---|---|---|---|---|---|---|---|---|---|---|---|---|---|---|---|
| Dewey Decimal Classification | MBA | St Aloysius Institute of Management & Information Technology | St Aloysius Institute of Management & Information Technology | Economics | 03/11/2025 | Biblios Book Point | 1099.00 | Bill no:7466; Bill dt:2025/3/11 | 338.5 BESD | MBA14963 | 05/23/2026 | 857.22 | 04/23/2025 | Book |